000 00760nam a2200265Ia 4500
003 OSt
005 20221005062500.0
006 a|||||r|||| 00| 0
007 ta
008 221004b |||||||| |||| 00| 0 eng d
024 _a68478
037 _cTextual
040 _aCRL
_cCRL
_beng
041 _2eng
_aeng
082 _aY.73, N0
100 _aTurner Stephen Park
_9292536
245 0 _aImpossible science
_b An instituitional analysis of American Sociology
260 _aLondon
_bSage
_c1990
300 _a222p.
_ccm.
490 _aSage library of social research; 181
650 _aSOCIOLOGY
700 _a Turner Jonathan H
942 _hY.73, N0
_cTEXL
_2cc
999 _c969790
_d969790